[Event "Stay Safe Play From Home 176"]
[Site "T#646357Emanuel Laske"]
[Date "2020.05.26"]
[Round "8"]
[White "Justwatch"]
[Black "SoulofWolf"]
[Result "0-1"]
[WhiteElo "1713"]
[BlackElo "2125"]
[Annotator "RC"]
[PlyCount "104"]
[EventDate "2020.05.26"]
[EventType "swiss (blitz)"]

1. e4 {[%emt 0:00:02]} c5 {[%emt 0:00:00]} 2. Nf3 {[%emt 0:00:02]} e6 {[%emt 0:00:00]} 3. Nc3 {[%emt 0:00:03]} a6 {[%emt 0:00:01]} 4. d3 {[%emt 0:00:01]} b5 {[%emt 0:00:01]} 5. g3 {[%emt 0:00:00]} Bb7 {[%emt 0:00:00]} 6. Bg2 {[%emt 0:00:01]} Nc6 {[%emt 0:00:00]} 7. O-O {[%emt 0:00:00]} Nf6 {[%emt 0:00:00]} 8. Ne2 {[%emt 0:00:02]} d5 {[%emt 0:00:01]} 9. exd5 {[%emt 0:00:02]} Nxd5 {[%emt 0:00:00]} 10. Bg5 {[%emt 0:00:01]} Be7 {[%emt 0:00:01]} 11. Bxe7 {[%emt 0:00:01]} Qxe7 {[%emt 0:00:00]} 12. Qd2 {[%emt 0:00:01]} O-O {[%emt 0:00:00]} 13. Nf4 {[%emt 0:00:01]} Nf6 {[%emt 0:00:02]} 14. Ng5 {[%emt 0:00:02]} h6 {[%emt 0:00:01]} 15. Ngh3 {[%emt 0:00:02]} Rad8 {[%emt 0:00:01]} 16. Qe2 {[%emt 0:00:01]} Rd6 {[%emt 0:00:10]} 17. Nh5 {[%emt 0:00:01]} Rfd8 {[%emt 0:00:02]} 18. Nxf6+ {[%emt 0:00:01]} Qxf6 {[%emt 0:00:00]} 19. Rae1 {[%emt 0:00:04]} Nd4 {[%emt 0:00:02]} 20. c3 {[%emt 0:00:02]} Nf3+ {[%emt 0:00:04]} 21. Bxf3 {[%emt 0:00:02]} Bxf3 {[%emt 0:00:00]} 22. Qe3 {[%emt 0:00:01]} Rxd3 {[%emt 0:00:04]} 23. Qxc5 {[%emt 0:00:04]} Bd5 {[%emt 0:00:03]} 24. Re3 {[%emt 0:00:03]} Rd2 {[%emt 0:00:04]} 25. b3 {[%emt 0:00:03]} Rxa2 {[%emt 0:00:01]} 26. c4 {[%emt 0:00:01]} bxc4 {[%emt 0:00:01]} 27. bxc4 {[%emt 0:00:01]} Ba8 {[%emt 0:00:01]} 28. Qb6 {[%emt 0:00:01]} Rdd2 {[%emt 0:00:02]} 29. Qb8+ {[%emt 0:00:02]} Rd8 {[%emt 0:00:01]} 30. Qxa8 {[%emt 0:00:01]} Rb8 {[%emt 0:00:01]} 31. Rf3 {[%emt 0:00:01]} Rxa8 {[%emt 0:00:02]} 32. Rxf6 {[%emt 0:00:01]} gxf6 {[%emt 0:00:00]} 33. Nf4 {[%emt 0:00:01]} Rc2 {[%emt 0:00:01]} 34. Nh5 {[%emt 0:00:01]} f5 {[%emt 0:00:01]} 35. Nf6+ {[%emt 0:00:01]} Kg7 {[%emt 0:00:00]} 36. Nd7 {[%emt 0:00:00]} Rxc4 {[%emt 0:00:02]} 37. Ne5 {[%emt 0:00:00]} Rc2 {[%emt 0:00:00]} 38. Nf3 {[%emt 0:00:01]} Rac8 {[%emt 0:00:00]} 39. Ne5 {[%emt 0:00:01]} Kf6 {[%emt 0:00:00]} 40. Nd7+ {[%emt 0:00:01]} Ke7 {[%emt 0:00:01]} 41. Nb6 {[%emt 0:00:00]} a5 {[%emt 0:00:00]} 42. Nxc8+ {[%emt 0:00:01]} Rxc8 {[%emt 0:00:00]} 43. Ra1 {[%emt 0:00:01]} Rc5 {[%emt 0:00:00]} 44. Ra4 {[%emt 0:00:01]} Kd6 {[%emt 0:00:00]} 45. Rh4 {[%emt 0:00:00]} Kc6 {[%emt 0:00:00]} 46. Rxh6 {[%emt 0:00:00]} a4 {[%emt 0:00:00]} 47. Rh7 {[%emt 0:00:00]} Kb5 {[%emt 0:00:00]} 48. Rxf7 {[%emt 0:00:00]} a3 {[%emt 0:00:00]} 49. Rf6 {[%emt 0:00:00]} Kb4 {[%emt 0:00:00]} 50. Rxe6 {[%emt 0:00:00]} Rc1+ {[%emt 0:00:00]} 51. Kg2 {[%emt 0:00:01]} Kb5 {[%emt 0:00:00]} 52. Ra6 {[%emt 0:00:01]} Kxa6 {[%emt 0:00:01] Zaman (Lag: Av=0.40s, max=0.8s)} 0-1

[Event "Stay Safe Play From Home 176"]
[Site "T#646357Emanuel Laske"]
[Date "2020.05.26"]
[Round "8"]
[White "Trotsky"]
[Black "Tunca"]
[Result "0-1"]
[WhiteElo "1566"]
[BlackElo "1873"]
[Annotator "NA RC"]
[PlyCount "50"]
[EventDate "2020.05.26"]
[EventType "swiss (blitz)"]

1. d4 {[%emt 0:00:01]} d6 {[%emt 0:00:01]} 2. e3 {[%emt 0:00:00]} g6 {[%emt 0:00:01]} 3. c4 {[%emt 0:00:01]} Bg7 {[%emt 0:00:00]} 4. Nc3 {[%emt 0:00:01]} Nd7 {[%emt 0:00:01]} 5. Bd3 {[%emt 0:00:01]} c5 {[%emt 0:00:00]} 6. Qc2 {[%emt 0:00:01]} cxd4 {[%emt 0:00:01]} 7. exd4 {[%emt 0:00:01]} Bxd4 {[%emt 0:00:01]} 8. Nf3 {[%emt 0:00:01]} Bg7 {[%emt 0:00:02]} 9. Be3 {[%emt 0:00:01]} Ngf6 {[%emt 0:00:02]} 10. O-O-O {[%emt 0:00:01]} Ng4 {[%emt 0:00:01]} 11. h4 {[%emt 0:00:02]} Nxe3 {[%emt 0:00:01]} 12. fxe3 {[%emt 0:00:01]} Nc5 {[%emt 0:00:00]} 13. Ng5 {[%emt 0:00:09]} Nxd3+ {[%emt 0:00:02]} 14. Qxd3 {[%emt 0:00:01]} h6 {[%emt 0:00:09]} 15. Nge4 {[%emt 0:00:05]} Bf5 {[%emt 0:00:01]} 16. Rhf1 {[%emt 0:00:04]} O-O {[%emt 0:00:02]} 17. h5 {[%emt 0:00:05]} e6 {[%emt 0:00:02]} 18. hxg6 {[%emt 0:00:01]} fxg6 {[%emt 0:00:08]} 19. Qc2 {[%emt 0:00:02]} Qe7 {[%emt 0:00:03]} 20. g4 {[%emt 0:00:03]} Bxg4 {[%emt 0:00:02]} 21. Rxd6 {[%emt 0:00:09]} Rxf1+ {[%emt 0:00:03]} 22. Nd1 {[%emt 0:00:05]} Bf5 {[%emt 0:00:04]} 23. Qe2 {[%emt 0:00:03]} Rxd1+ {[%emt 0:00:02]} 24. Qxd1 {[%emt 0:00:01]} Bxe4 {[%emt 0:00:01]} 25. Rd7 {[%emt 0:00:01]} Qf6 {[%emt 0:00:01] ' Âðåìÿ (Lag: Av=0.31s, max=0.4s) .} 0-1

[Event "Stay Safe Play From Home 176"]
[Site "T#646357Emanuel Laske"]
[Date "2020.05.26"]
[Round "9"]
[White "SoulofWolf"]
[Black "Mepe_Nika"]
[Result "1-0"]
[WhiteElo "2128"]
[BlackElo "2253"]
[Annotator "TA"]
[PlyCount "103"]
[EventDate "2020.05.26"]
[EventType "swiss (blitz)"]

{[%evp 9,103,22,14,9,9,-5,12,-17,36,-36,25,0,0,-8,-11,-17,1,0,22,6,35,34,36,-8,77,89,134,-13,0,-30,287,127,315,0,0,0,0,-123,-94,-129,-145,-701,-720,-744,-671,-814,-812,-853,-825,-932,-306,-727,-727,-945,-933,-920,-915,-908,-898,-1187,-921,-1033,-1029,-1223,-1222,-1050,-699,-670,-479,-458,-437,-485,-435,-560,-559,-750,-753,-749,-721,-1125,-1120,-1073,-1022,-1030,-1063,-1125,-1064,-29987,-29988,-29990,-29991,-29991,-29990,-29990,-29991,-1710]} 1. d4 d5 2. Nf3 c6 3. Bg5 Bf5 4. e3 Qb6 5. b3 e6 {[#]} 6. a3 $146 {D00: 1 d4 d5: Unusual lines.} ({Predecessor:} 6. Bd3 Bg6 7. O-O Nd7 8. c4 Ngf6 9. Nc3 Bb4 10. Ne2 O-O 11. a3 Be7 12. Ne5 Bxd3 13. Nxd3 {½-½ (54) Artemiev,V (2731)-Caruana,F (2822) Bucharest 2019}) 6... Be7 7. Bf4 Nd7 8. Nbd2 {The position is equal.} Bf6 ({Better is} 8... a5 $11) 9. Bd3 (9. b4 $14) 9... Ne7 (9... Bxd3 $1 $15 10. cxd3 c5) 10. e4 dxe4 11. Nxe4 Bxe4 12. Bxe4 O-O 13. O-O g6 14. c4 Rad8 15. Rc1 Rfe8 16. Qe2 Bxd4 (16... Qxb3 $11 17. Bc7 Rc8) 17. Nxd4 $16 {And now Nf3 would win.} Qxd4 {[#]} 18. Rfd1 ({Only move:} 18. Bc7 $1 $16) 18... Qf6 $11 19. Qe3 {Threatens to win with Bc7.} Nc5 $2 {[%mdl 8192] [#]} (19... e5 $1 $11 {and Black stays safe.} 20. Bg5 Qe6) 20. Bc2 (20. Rxd8 $1 $18 {is the precise move to win.} Rxd8 21. Bg5) 20... b6 $2 (20... Rxd1+ $16 21. Rxd1 Qb2 {[%mdl 64] Double Attack}) 21. Bg5 $2 ({White should play} 21. Rxd8 $18 Rxd8 22. Bg5) 21... Rxd1+ 22. Rxd1 Qb2 {[%mdl 64] Double Attack} 23. Bb1 (23. Qd2 $11) 23... Qxb3 $40 {[%mdl 128] Black is out for blood. Black keeps a firm grip on the game.} 24. Qe2 Nf5 ({Don't play} 24... Qxa3 25. Qe5 $11) 25. Bc1 $2 {[%mdl 8192]} (25. Bf6 $17 e5 26. Bxf5 gxf5 27. Qh5) 25... Qxb1 $19 26. h3 Qe4 27. Qf1 e5 28. Re1 Qd4 29. g4 Nd6 $2 (29... Nh4 30. Rd1 Qe4) 30. Be3 $2 (30. Rd1) 30... Qxc4 31. Qg2 Nde4 32. Rc1 Qd3 33. Kh2 Rd8 34. Qf3 Qd6 35. Kg2 Nd2 36. Qe2 Qd5+ 37. f3 Nxf3 38. Qxf3 Qxf3+ 39. Kxf3 {[%mdl 4096] Endgame KRB-KRN} Ne6 ({Don't do} 39... Rd3 40. Ke2 $19) 40. Ke4 Nd4 41. Bxd4 exd4 {KR-KR} 42. Kd3 c5 43. Rf1 Re8 44. Kc4 Re3 {[%mdl 64] Double Attack} 45. a4 Rc3+ 46. Kb5 Rxh3 47. Kc6 d3 {Strongly threatening ...c4.} 48. Rf4 d2 {Black mates.} 49. Rf6 d1=Q {[%mdl 64] Double Attack} 50. Rd6 Qf3+ 51. Kc7 Qxg4 52. Rd8+ {[%mdl 32768] Accuracy: White = 24%, Black = 41%. . Loss on time!?} 1-0

[Event "Stay Safe Play From Home 176"]
[Site "T#646357Emanuel Laske"]
[Date "2020.05.26"]
[Round "9"]
[White "Lazieri3"]
[Black "Eidgenosse"]
[Result "1-0"]
[WhiteElo "2010"]
[BlackElo "2435"]
[Annotator "TA"]
[PlyCount "103"]
[EventDate "2020.05.26"]
[EventType "swiss (blitz)"]

{[%evp 9,103,-10,3,-21,-20,-38,-24,-33,-24,-34,-36,-43,-27,-37,54,31,38,17,15,9,17,0,76,76,72,-8,82,85,95,80,82,66,67,59,66,33,38,9,9,9,0,8,137,29,30,34,37,0,99,47,214,208,331,324,372,342,356,314,544,487,1088,1073,1057,1046,1026,950,716,447,29989,29984,29989,29947,29946,29949,29947,29942,29954,29955,29960,29957,29960,5097,29974,29976,29976,29977,29977,29978,29979,29979,29982,29983,29983,29982,29981,29981]} 1. e4 c5 2. Nc3 Nc6 3. d3 g6 4. Nf3 Bg7 5. Be3 d6 6. Qd2 {B30: Sicilian: 2...Nc6 3 Bb5, lines without ...g6.} e5 7. Nd5 h6 8. c3 {Black has an edge.} Nge7 {[#]} 9. Nxe7 $146 ({Predecessor:} 9. d4 cxd4 10. cxd4 Bg4 11. Nxe7 Qxe7 12. dxe5 dxe5 13. Bb5 Bxf3 14. Bxc6+ bxc6 15. gxf3 {0-1 (63) Stany,G (2502)-Iturrizaga Bonelli,E (2665) London 2017}) 9... Qxe7 10. Be2 Be6 11. d4 Bg4 (11... exd4 $15 12. cxd4 d5) 12. dxc5 (12. d5 $5 {[%cal Rd5c6]} Nd4 13. cxd4 Bxf3 14. Bxf3 (14. gxf3 cxd4 15. Bb5+ Kf8 $11) 14... cxd4 15. Rc1 $11) 12... dxc5 13. O-O-O Rd8 14. Qc2 O-O 15. Qb3 Bxf3 (15... Be6 $11 {keeps the balance.} 16. Qb5 Nd4 17. cxd4 exd4) 16. Bxf3 $16 b6 17. Qc2 {[#]} (17. h4 $16) 17... Qe6 (17... Nd4 $1 $11 {[%mdl 512]} 18. Qa4 (18. cxd4 cxd4 19. Qe2 dxe3 $15) 18... Nxf3 19. gxf3 Qf6) 18. Kb1 Na5 19. Be2 Nc4 20. Bxc4 Qxc4 21. b3 Qe6 22. Kb2 c4 23. Rxd8 Rxd8 24. Rd1 Rxd1 25. Qxd1 Qc6 (25... cxb3 $11 26. axb3 Bf8) 26. f3 (26. Qd5 $16 Qxd5 27. exd5) 26... cxb3 $11 27. axb3 Bf8 28. Qd2 Kh7 (28... Qb5 $11 {remains equal.}) 29. Qd5 (29. Qd8 $16 Bg7 30. Qd5) 29... Qxd5 $2 {This move loses the game for Black.} ({Black should try} 29... Qc7 $14) 30. exd5 $14 {[%mdl 4096] Endgame KB-KB} Bd6 (30... Kg7 {might work better.} 31. b4 Be7) 31. b4 $18 f5 32. Kb3 Kg7 33. c4 g5 $2 (33... Bf8 34. c5 Kf7 35. cxb6 axb6 36. Bxb6 Ke8) 34. c5 Bc7 (34... f4 $142) 35. Kc4 Kf7 36. d6 Bxd6 37. cxd6 {KB-KP} Ke6 38. Kb5 {[#] Kc6 is the strong threat.} a5 (38... Kxd6 $18 39. Kc4 f4) 39. bxa5 bxa5 40. Kxa5 Kxd6 41. Kb4 Kd5 42. Kc3 e4 43. Kd2 f4 44. Ba7 h5 45. Ke2 g4 46. fxg4 {White mates.} hxg4 {KB-K3P} 47. Bb8 f3+ 48. gxf3 gxf3+ 49. Ke3 f2 50. Kxf2 Ke6 51. Ke2 Kf5 52. Bg3 {Accuracy: White = 76%, Black = 51%.} 1-0

[Event "Stay Safe Play From Home 176"]
[Site "T#646357Emanuel Laske"]
[Date "2020.05.26"]
[Round "9"]
[White "Fischer_11"]
[Black "Trotsky"]
[Result "1-0"]
[WhiteElo "1906"]
[BlackElo "1562"]
[Annotator "NA"]
[PlyCount "35"]
[EventDate "2020.05.26"]
[EventType "swiss (blitz)"]

1. e4 {[%emt 0:00:05]} c5 {[%emt 0:00:01]} 2. c3 {[%emt 0:00:01]} Nc6 {[%emt 0:00:01]} 3. d4 {[%emt 0:00:01]} cxd4 {[%emt 0:00:01]} 4. cxd4 {[%emt 0:00:00]} e6 {[%emt 0:00:00]} 5. d5 {[%emt 0:00:01]} exd5 {[%emt 0:00:01]} 6. exd5 {[%emt 0:00:00]} d6 {[%emt 0:00:00]} 7. dxc6 {[%emt 0:00:01]} bxc6 {[%emt 0:00:02]} 8. Nf3 {[%emt 0:00:00]} Be7 {[%emt 0:00:02]} 9. Be2 {[%emt 0:00:00]} Qc7 {[%emt 0:00:01]} 10. O-O {[%emt 0:00:00]} Bb7 {[%emt 0:00:00]} 11. Re1 {[%emt 0:00:00]} Rd8 {[%emt 0:00:01]} 12. Nc3 {[%emt 0:00:00]} Nf6 {[%emt 0:00:01]} 13. Bd2 {[%emt 0:00:00]} O-O {[%emt 0:00:01]} 14. Be3 {[%emt 0:00:00]} d5 {[%emt 0:00:01]} 15. Qd2 {[%emt 0:00:00]} c5 {[%emt 0:00:01]} 16. Bf4 {[%emt 0:00:02]} Qc6 {[%emt 0:00:01]} 17. Bb5 {[%emt 0:00:02]} Qd7 {[%emt 0:00:03]} 18. Bxd7 {[%emt 0:00:04] Trotsky Ñäàåòñÿ (Lag: Av=0.26s, max=0.5s)} 1-0

[Event "Stay Safe Play From Home 176"]
[Site "T#646357Emanuel Laske"]
[Date "2020.05.26"]
[Round "9"]
[White "Tunca"]
[Black "Mest"]
[Result "0-1"]
[WhiteElo "1878"]
[BlackElo "1734"]
[Annotator "NA RC"]
[PlyCount "54"]
[EventDate "2020.05.26"]
[EventType "swiss (blitz)"]

1. e4 {[%emt 0:00:01]} d5 {[%emt 0:00:00]} 2. exd5 {[%emt 0:00:01]} Qxd5 {[%emt 0:00:00]} 3. Nc3 {[%emt 0:00:01]} Qd8 {[%emt 0:00:00]} 4. Nf3 {[%emt 0:00:01]} Nf6 {[%emt 0:00:00]} 5. Bc4 {[%emt 0:00:01]} g6 {[%emt 0:00:01]} 6. O-O {[%emt 0:00:01]} Bg7 {[%emt 0:00:01]} 7. Re1 {[%emt 0:00:00]} O-O {[%emt 0:00:00]} 8. Ne5 {[%emt 0:00:01]} c6 {[%emt 0:00:02]} 9. d4 {[%emt 0:00:01]} e6 {[%emt 0:00:01]} 10. Bg5 {[%emt 0:00:02]} Qc7 {[%emt 0:00:03]} 11. Qf3 {[%emt 0:00:03]} Nd5 {[%emt 0:00:02]} 12. Bxd5 {[%emt 0:00:05]} cxd5 {[%emt 0:00:01]} 13. Bf6 {[%emt 0:00:01]} b6 {[%emt 0:00:03]} 14. Bxg7 {[%emt 0:00:03]} Kxg7 {[%emt 0:00:01]} 15. Ng4 {[%emt 0:00:01]} Nd7 {[%emt 0:00:01]} 16. Qh3 {[%emt 0:00:02]} h5 {[%emt 0:00:02]} 17. Ne3 {[%emt 0:00:05]} Ba6 {[%emt 0:00:01]} 18. Qf3 {[%emt 0:00:08]} Nf6 {[%emt 0:00:01]} 19. h3 {[%emt 0:00:04]} Rac8 {[%emt 0:00:02]} 20. g4 {[%emt 0:00:01]} hxg4 {[%emt 0:00:01]} 21. hxg4 {[%emt 0:00:00]} Ne4 {[%emt 0:00:01]} 22. Nxe4 {[%emt 0:00:02]} dxe4 {[%emt 0:00:00]} 23. Qxe4 {[%emt 0:00:01]} Rh8 {[%emt 0:00:00]} 24. Qe5+ {[%emt 0:00:02]} Qxe5 {[%emt 0:00:00]} 25. dxe5 {[%emt 0:00:00]} Rh4 {[%emt 0:00:04]} 26. b3 {[%emt 0:00:02]} Bb7 {[%emt 0:00:01]} 27. c4 {[%emt 0:00:01]} Rh1# {[%emt 0:00:03] (Lag: Av=0.64s, max=0.8s)} 0-1